Truyện cổ Chăm

Guardat en:
Dades bibliogràfiques
Format: Llibre
Idioma:Undetermined
Publicat: Hà Nợi Văn hoá dân tộc 2012
Matèries:
Etiquetes: Afegir etiqueta
Sense etiquetes, Sigues el primer a etiquetar aquest registre!
Thư viện lưu trữ: Trung tâm Học liệu Trường Đại học Cần Thơ
LEADER 00578nam a2200169Ia 4500
001 CTU_179754
008 210402s9999 xx 000 0 und d
082 |a 398.209597 
082 |b Tr527 
245 0 |a Truyện cổ Chăm 
245 0 |c S.t., biên dịch: Trương Hiến Mai, Nguyễn Thị Bạch Cúc, Sở Văn Ngọc, Trương Tôn 
260 |a Hà Nợi 
260 |b Văn hoá dân tộc 
260 |c 2012 
650 |a Folk literature,Văn học dân gian 
910 |a Nguyên 
980 |a Trung tâm Học liệu Trường Đại học Cần Thơ